A history of space flight / (Record no. 5788)
[ view plain ]
| 000 -LEADER | |
|---|---|
| fixed length control field | 00744cam a22002651 4500 |
| 001 - CONTROL NUMBER | |
| JCCL Control Number | 5788 |
| 003 - CONTROL NUMBER IDENTIFIER | |
| JCCL marc code | BD-JhCC |
| 005 - DATE AND TIME OF LATEST TRANSACTION | |
| control field | 20180328173720.0 |
| 008 - FIXED-LENGTH DATA ELEMENTS--GENERAL INFORMATION | |
| fixed length control field | 730302t19661965nyuac b 000 0 eng |
| 035 ## - SYSTEM CONTROL NUMBER | |
| system control number | (BD-JhCC)5788 |
| 035 ## - SYSTEM CONTROL NUMBER | |
| system control number | (OCoLC)567991 |
| 040 ## - CATALOGING SOURCE | |
| Original cataloging agency | DLC |
| Transcribing agency | ODaWU |
| Modifying agency | OCoLC |
| -- | DLC |
| -- | BD-JhCC |
| 041 ## - LANGUAGE CODE | |
| Language code of Book | eng |
| 050 00 - LIBRARY OF CONGRESS CALL NUMBER | |
| Classification number | TL789 |
| Item number | .E45 |
| 082 ## - DEWEY DECIMAL CLASSIFICATION NUMBER | |
| Classification number | 629.409 |
| Author mark and Year | EMM 1966 |
| 100 1# - MAIN ENTRY--PERSONAL NAME | |
| Personal name | Emme, Eugene Morlock. |
| 245 12 - TITLE STATEMENT | |
| Title | A history of space flight / |
| Statement of responsibility, etc | Eugene M. Emme. |
| 260 ## - PUBLICATION, DISTRIBUTION, ETC. (IMPRINT) | |
| Place of publication, distribution, etc | New York, |
| Name of publisher, distributor, etc | Holt, Rinehart and Winston |
| Date of publication, distribution, etc | [1966, c1965] |
| 300 ## - PHYSICAL DESCRIPTION | |
| Pagination | 224 p. |
| Other physical details | illus., ports. |
| Dimensions | 21 cm. |
| 440 #0 - | |
| Title | Holt library of science |
| 504 ## - BIBLIOGRAPHY, ETC. NOTE | |
| Bibliography, etc | Bibliography: p. 216-221. |
| 650 #0 - SUBJECT ADDED ENTRY--TOPICAL TERM | |
| Topical term or geographic name as entry element | Astronautics |
| General subdivision | History. |
| 942 ## - ADDED ENTRY ELEMENTS (KOHA) | |
| Source of classification or shelving scheme | Dewey Decimal Classification |
| Koha item type | Books |
| Source of classification or shelving scheme | Damaged status | Not for loan | Home library | Current library | Shelving location | Date of accession | Total Checkouts | Full call number | Barcode | Date last seen | Copy number | Koha item type |
|---|---|---|---|---|---|---|---|---|---|---|---|---|
| Dewey Decimal Classification | JCC Rouf Library | JCC Rouf Library | General Stacks | 12/21/2017 | 629.409 EMM 1966 | 7376 | 12/21/2017 | C - 1 | Books |